000 00532nam a2200169Ia 4500
003 OSt
005 20260305114214.0
008 211028s2008 xx 000 0 und d
040 _cAIMIT LIBRARY
041 _aeng
100 _aPinto, Adrine Candis; Rebello, Santhosh.
_g50971242
_92757
110 _aRao, Rohini.
_92758
245 _aMulti function kiosk for duplicate bill generation and automatic cheque deposit for telecom applications /
260 _aMangalore
_c2008
710 _aBayopen Solution
_92759
942 _2ddc
_cPRO
999 _c217004
_d217004